Comunicaciones: baúl de los recursos para la comunicación local
Guardat en:
| Format: | Llibre |
|---|---|
| Idioma: | espanyol |
| Publicat: |
Santiago
Ministerio de Educación
1995
|
| Col·lecció: | Alternativas Curriculares de Libre Elección
|
| Matèries: | |
| Etiquetes: |
Afegir etiqueta
Sense etiquetes, Sigues el primer a etiquetar aquest registre!
|
MARC
| LEADER | 00000nam a2200000 a 4500 | ||
|---|---|---|---|
| 001 | UCL2874 | ||
| 003 | CL-VaPUC | ||
| 008 | 031107e19950000CL |||||||||||||||||spa|d | ||
| 082 | 0 | 4 | |a 302.2 |b COM |2 21 |
| 245 | 1 | 0 | |a Comunicaciones: baúl de los recursos para la comunicación local |
| 300 | |a 218 p | ||
| 942 | |c BK | ||
| 945 | |d 20031107 00:00:00 |a cmena | ||
| 260 | |a Santiago |b Ministerio de Educación |c 1995 | ||
| 650 | 0 | |a Medios de comunicación |9 257206 | |
| 650 | 0 | |a Comunicación social |9 334226 | |
| 650 | 0 | |a Entrevistas |9 265537 | |
| 583 | |a last modification |c 20031107 00:00:00 |k Rodrigo Vera | ||
| 490 | 0 | |a Alternativas Curriculares de Libre Elección | |
| 999 | |c 306048 |d 306046 | ||
| 952 | |0 0 |1 0 |4 0 |6 302_200000000000000_COM_1995 |7 0 |8 A |9 370742 |a BIBEDU |b BIBEDU |d 2019-11-21 |i 3941787 |o 302.2 COM 1995 |p 3941787 |r 2019-11-21 |w 2019-11-21 |y BK |k EPE | ||